Introducción al algebra lineal / Howard Anton (Registro nro. 21005)
[ vista simple ]
| 000 -LÍDER | |
|---|---|
| fixed length control field | 00425nam a2200157 4500 |
| 008 - ELEMENTOS DE LONGITUD FIJA -- INFORMACIÓN GENERAL | |
| fixed length control field | 0 1993 0a 000 0MEX |
| 020 ## - NÚMERO INTERNACIONAL NORMALIZADO PARA LIBROS | |
| ISBN | 968-18-1660-9 |
| 050 ## - SIGNATURA TOPOGRAFICA DE LA BIBLIOTECA DEL CONGRESO (LC) | |
| Número de Clasificación | QA184 A628 |
| 082 ## - NUMERO DE CLASIFICACION DECIMAL DEWEY | |
| Número de Clasificación | 512.5 A525g |
| 100 ## - ASIENTO PRINCIPAL--NOMBRE PERSONAL | |
| Nombre personal | Anton, Howard |
| 245 ## - TÍTULO | |
| Título | Introducción al algebra lineal / Howard Anton |
| 250 ## - MENCIÓN DE EDICIÓN | |
| Mención de edición | / 7a. reimpresion |
| 260 ## - PUBLICACIÓN, DISTRIBUCIÓN, ETC. (PIE DE IMPRENTA) | |
| Lugar de publicación, distribución, etc. | México : Limusa |
| 300 ## - DESCRIPCIÓN FÍSICA | |
| Extensión | 422 p. / 23 cm. |
| 650 ## - ASIENTO SECUNDARIO DE MATERIA - TERMINO TEMÁTICO | |
| Término temático o nombre geográfico como elemento de entrada | 1. ALGEBRA LINEAL |
| No. biblioteca | No. biblioteca | Número de clasificación | Código de barras/Número de adquisición | Número de copia | Tipo de material |
|---|---|---|---|---|---|
| LUIS G. INCLAN | LUIS G. INCLAN | 512.5 A525g | 18059 | 19 | Libros |
| LUIS G. INCLAN | LUIS G. INCLAN | 512.5 A525g | 18409 | 23 | Libros |
| LUIS G. INCLAN | LUIS G. INCLAN | 512.5 A525g | 35981 | 44 | Libros |
| LUIS G. INCLAN | LUIS G. INCLAN | 512.5 A525g | 16520 | 3 | Libros |
